000 00916nam a2200289 a 4500
001 67103
003 BD-RjUL
005 20211209081621.0
008 170322s1993 ii a|||| |||| 001 0 eng d
035 _a(BD-RjUL)67234
040 _aBD-RjUL
_beng
_cBD-RjUL
041 _aeng
082 _223
_a005.365
_bMAC 1993
100 1 _aMansfield, Ron
_9198770
245 1 4 _aThe compact guide to Windows, Word & Excel /
_cRon Mansfield.
250 _a1st indian edition
260 _aNew Delhi :
_bBPB Publications,
_c1993.
300 _axxiii, 626 p. :
_bill.;
_c22 cm.
500 _aIncludes index.
650 _aMicrosoft Excel (Computer file)
_9198771
650 _aMicrosoft Word
_9198772
650 _aBusiness--Computer programs
_9198773
650 _aMicrosoft Windows (Computer file)
_9163736
650 _aWindows (Computer programs)
_9115107
650 _aElectronic spreadsheets
_9198774
942 _2ddc
_cBK
999 _c67103
_d67103